000 00221 a2200097 4500
001 37331
100 _aDilnshit R D
245 _aPolitical Geography
260 _aNew Delhi
_bTata McGraw- Hill
_c
090 _c23802
_d23802
942 _aNUST-CAE
_cM
_c15339
999 _c272404
_d272404